000 00596nam a22001817a 4500
005 20160108144004.0
010 _aENG-114385
020 _a9788179980644
_c275.00
035 _aEN-97917
037 _bDBAD/PUB
082 _a658.1
100 _aSudha, G.S.
245 _aOrganisational behaviour with cases and problems :
_cby G.S Sudha
_bas per the syllabus of BBA course of Rajasthan, Ajmer, Kota and other universities /
260 _aJaipur
_bMalik
_c2012
270 _a337,Chaura Rasta
_bJaipur
_e302003
300 _axx,463p.
_c24cm(pbk)
942 _2ddc
_cEN
_mSUD
_h658.1
999 _c97924
_d97924